000 00652nam a22001937a 4500
999 _c30805
_d30805
003 OSt
005 20201007144620.0
008 201007b ||||| |||| 00| 0 eng d
020 _a9780879522599
050 _aBX6941
_b.E33 2000
100 _a Eddy, Mary Baker,
_d1821-1910
245 _aScience and health :
_bwith key to the Scriptures/
_cMary Baker Eddy
260 _aBoston, Mass. :
_bFirst Church of Christ, Scientist,
_c©1994.
300 _axii, 700 p. ;
_c23 cm
500 _aInclude index
650 _aChristian Science
650 _aHealth
_xReligious aspects
_yChristian Science
942 _2lcc
_cBOOKS
_hBX6941 .E33 2000